000 00510nmm a2200169Ia 4500
008 251105s9999||||xx |||||||||||||||||und||
020 _a9786071620477
041 _aspa
100 _aWobeser, Gisela von
245 0 _aVidas mexicanas :
_b Diez biografías para entender a México
264 _a[México D.C., Mexico] :
_bFondo de Cultura Económica,
_c2015
300 _a293 páginas
490 _aPopular
650 _aBiography
856 _uhttps://public.digitaliapublishing.com/a/65139
942 _cCF
999 _c75515
_d75515